[Event "V Weekend A"]
[Site "Vignola ITA"]
[Date "2006.11.26"]
[Round "4"]
[White "Fiorentini, Paolo"]
[Black "Rossi, Aldo Bruno"]
[Result "1-0"]
[WhiteElo "1578"]
[BlackElo "1601"]
[PlyCount "81"]
[EventDate "2006.11.24"]

1. d4 d5 2. c4 e6 3. Nf3 Nf6 4. Bg5 Be7 5. Nc3 c6 6. e3 Nbd7 7. Qc2 a6 8. Rd1
Bb4 9. a3 Bxc3+ 10. bxc3 Qa5 11. Bxf6 Nxf6 12. Qb2 Ne4 13. Rc1 dxc4 14. Ne5 Qb5
15. Nxc4 Qxb2 16. Nxb2 O-O 17. Bd3 Nd6 18. c4 Re8 19. c5 Nb5 20. a4 Nc7 21. Nc4
a5 22. Nd6 Rd8 23. e4 f6 24. f4 Rb8 25. Rb1 Ne8 26. e5 Nxd6 27. cxd6 Bd7 28.
Rb6 Rdc8 29. Bc4 c5 30. d5 Re8 31. f5 exd5 32. Bxd5+ Kf8 33. e6 Kg8 34. O-O
Bxa4 35. e7+ Kh8 36. Bf7 Rec8 37. Rfb1 Bc6 38. Rxc6 Rxc6 39. Rxb7 Rcc8 40. d7
Rg8 41. Rxb8 1-0

[Event "V Weekend A"]
[Site "Vignola ITA"]
[Date "2006.11.26"]
[Round "4"]
[White "Garofalo, Sergio"]
[Black "Malfagia, Andrea"]
[Result "0-1"]
[WhiteElo "1815"]
[BlackElo "2277"]
[PlyCount "86"]
[EventDate "2006.11.24"]

1. d4 Nf6 2. Nf3 d5 3. c4 c6 4. e3 e6 5. Nbd2 Nbd7 6. a3 Bd6 7. b3 O-O 8. Bb2
b6 9. Ne5 Bb7 10. Bd3 c5 11. O-O Rc8 12. Qe2 cxd4 13. exd4 Bb8 14. Rad1 Qc7 15.
f4 g6 16. Rf2 a6 17. Rdf1 dxc4 18. bxc4 Ba7 19. h4 Rcd8 20. h5 Nxe5 21. fxe5
Nxh5 22. Qg4 b5 23. Qh4 Qd7 24. c5 Bxc5 25. Nb3 Be7 26. Qh3 Ng7 27. g4 Qd5 28.
Nd2 h5 29. Rh2 h4 30. Be4 Qd7 31. Bxb7 Qxb7 32. Qe3 f5 33. exf6 Rxf6 34. Rxf6
Bxf6 35. Ne4 Be7 36. Re2 Qd5 37. Qh6 g5 38. Qg6 Rf8 39. Rc2 Qb3 40. d5 Bc5+ 41.
Rf2 Bxf2+ 42. Nxf2 Qxb2 43. dxe6 Qxf2+ 0-1

[Event "V Weekend A"]
[Site "Vignola ITA"]
[Date "2006.11.26"]
[Round "4"]
[White "Gigli, Claudio"]
[Black "Cambi, Enrico"]
[Result "1-0"]
[WhiteElo "1674"]
[BlackElo "1473"]
[PlyCount "79"]
[EventDate "2006.11.24"]

1. d4 Nf6 2. c4 c5 3. d5 e6 4. Nc3 exd5 5. cxd5 d6 6. Bg5 Nbd7 7. Nf3 a6 8. a4
Qc7 9. e4 g6 10. Bd3 Bg7 11. Qc1 O-O 12. Bh6 Re8 13. h4 Ne5 14. Nxe5 Rxe5 15.
Bxg7 Kxg7 16. f4 Re8 17. Qd2 Bg4 18. Kf2 c4 19. Bc2 Qc5+ 20. Qe3 Qxe3+ 21. Kxe3
b6 22. Kd4 Rac8 23. Rhe1 Nd7 24. Nb1 Nc5 25. Na3 Nb3+ 26. Bxb3 cxb3 27. Nc4
Red8 28. Rac1 b5 29. axb5 axb5 30. Ne3 Bd7 31. Rc3 Rxc3 32. Kxc3 Re8 33. Kd4
Rc8 34. e5 dxe5+ 35. fxe5 Kf8 36. Rd1 Ke7 37. Rd3 h6 38. Rxb3 Ke8 39. Rd3 Kd8
40. Rc3 1-0

[Event "V Weekend A"]
[Site "Vignola ITA"]
[Date "2006.11.26"]
[Round "4"]
[White "Lenti, Cosimo"]
[Black "Cavazzoni, Carlo Alberto"]
[Result "0-1"]
[WhiteElo "1460"]
[BlackElo "1798"]
[PlyCount "32"]
[EventDate "2006.11.24"]

1. e4 e6 2. d3 d5 3. Nc3 Bb4 4. a3 Bxc3+ 5. bxc3 dxe4 6. dxe4 Qxd1+ 7. Kxd1 c5
8. Bb5+ Bd7 9. Bxd7+ Nxd7 10. Rb1 b6 11. f4 O-O-O 12. Ke2 Ne7 13. Nf3 h6 14.
Be3 Nf6 15. e5 Nfd5 16. c4 Nc3+ 0-1

[Event "V Weekend A"]
[Site "Vignola ITA"]
[Date "2006.11.26"]
[Round "4"]
[White "Luciani, Valerio"]
[Black "De Biaggi, Paolo"]
[Result "1-0"]
[WhiteElo "2229"]
[BlackElo "1832"]
[PlyCount "51"]
[EventDate "2006.11.24"]

1. d4 e6 2. c4 c5 3. d5 e5 4. e4 d6 5. h3 f5 6. exf5 Bxf5 7. Bd3 Bxd3 8. Qxd3
Nf6 9. Nc3 Be7 10. f4 exf4 11. Bxf4 O-O 12. Nge2 Na6 13. O-O Nc7 14. Ng3 g6 15.
Rae1 Qd7 16. Bg5 Rae8 17. Rxe7 Rxe7 18. Bxf6 Ref7 19. Nce4 b5 20. b3 Ne8 21.
Ba1 Rxf1+ 22. Nxf1 b4 23. Nfg3 a5 24. Qc2 Rf7 25. Qb2 Kf8 26. Ng5 1-0

[Event "V Weekend A"]
[Site "Vignola ITA"]
[Date "2006.11.26"]
[Round "4"]
[White "Muccini, Andrea"]
[Black "Mancini, Andrea"]
[Result "0-1"]
[WhiteElo "1599"]
[BlackElo "1553"]
[PlyCount "96"]
[EventDate "2006.11.24"]

1. e4 d6 2. Nc3 g6 3. b3 Bg7 4. Bb2 e5 5. Nge2 Nf6 6. g3 Be6 7. d3 Qd7 8. Qd2
O-O 9. O-O-O Ng4 10. Qe1 f5 11. h3 Nf6 12. Bg2 Nc6 13. Rf1 fxe4 14. Nxe4 Bxh3
15. Bxh3 Qxh3 16. Rh1 Qf5 17. Nxf6+ Rxf6 18. f4 Rf7 19. Rf1 Qe6 20. Nd4 Nxd4
21. Bxd4 Qe7 22. fxe5 Rxf1 23. Qxf1 Bxe5 24. Qe1 Re8 25. Bxa7 b6 26. Bb8 Rxb8
27. d4 Bf6 28. Qxe7 Bxe7 29. a4 Re8 30. Re1 Bg5+ 31. Kd1 Rxe1+ 32. Kxe1 Kf7 33.
b4 Bf6 34. c3 c5 35. a5 bxa5 36. bxa5 Bd8 37. dxc5 dxc5 38. a6 Bb6 39. Ke2 Ke7
40. Ke3 Kd7 41. Kf4 Kc7 42. Kg5 Kb8 43. Kh6 Ka7 44. Kxh7 Kxa6 45. Kxg6 Ka5 46.
Kf5 Kb5 47. g4 Bd8 48. Kf4 Kc4 0-1

[Event "V Weekend A"]
[Site "Vignola ITA"]
[Date "2006.11.26"]
[Round "4"]
[White "Muccini, Maurizio"]
[Black "Grandi, Davide"]
[Result "0-1"]
[WhiteElo "1454"]
[BlackElo "1691"]
[PlyCount "62"]
[EventDate "2006.11.24"]

1. e4 c5 2. Nf3 Nc6 3. Bb5 Nf6 4. Nc3 Nd4 5. e5 Nxb5 6. exf6 Nxc3 7. fxg7 Bxg7
8. bxc3 d5 9. h3 Qc7 10. O-O O-O 11. Bb2 Bf5 12. Rb1 Rad8 13. d4 Rfe8 14. Re1
e6 15. Nh4 Be4 16. f3 Bg6 17. Nxg6 hxg6 18. Qd2 c4 19. Qf2 e5 20. Qg3 Qd6 21.
Bc1 Re6 22. Rxb7 Qa6 23. Rb2 Rde8 24. Qh4 exd4 25. Rxe6 Qxe6 26. Kf1 Qe2+ 27.
Kg1 Qe1+ 28. Qxe1 Rxe1+ 29. Kh2 Rxc1 30. cxd4 Bxd4 31. Rb8+ Kg7 0-1

[Event "V Weekend A"]
[Site "Vignola ITA"]
[Date "2006.11.26"]
[Round "4"]
[White "Pazzini, Elia"]
[Black "Arnetta, Marianna"]
[Result "0-1"]
[WhiteElo "1641"]
[BlackElo "2054"]
[PlyCount "75"]
[EventDate "2006.11.24"]

1. e4 e6 2. d4 d5 3. Nd2 c5 4. exd5 Qxd5 5. Ngf3 Nf6 6. Bc4 Qh5 7. O-O Nc6 8.
Nb3 Be7 9. dxc5 Bxc5 10. Nxc5 Qxc5 11. Qe2 Bd7 12. Be3 Qh5 13. Rad1 h6 14. Nd4
Qxe2 15. Bxe2 Nd5 16. Rd2 Nxe3 17. fxe3 Ke7 18. Rfd1 Rhd8 19. Bf3 Rab8 20.
Nxc6+ Bxc6 21. Bxc6 bxc6 22. c4 Rxd2 23. Rxd2 Rb4 24. b3 a5 25. Kf2 e5 26. e4
a4 27. Rd3 axb3 28. axb3 g6 29. Ke3 f5 30. g3 Rb7 31. Kf3 Ke6 32. Rd2 Rxb3+ 33.
Ke2 fxe4 34. c5 Rd3 35. Rc2 Ra3 36. Rc1 Kd5 37. Rc2 e3 38. g4 0-1

[Event "V Weekend A"]
[Site "Vignola ITA"]
[Date "2006.11.26"]
[Round "4"]
[White "Pelliconi, Vanes"]
[Black "Fragni, Enrico"]
[Result "1-0"]
[WhiteElo "1542"]
[BlackElo "1843"]
[PlyCount "91"]
[EventDate "2006.11.24"]

1. d4 c6 2. c4 d6 3. e4 Qc7 4. Nf3 e5 5. Nc3 Bg4 6. Be2 Nf6 7. O-O h6 8. Be3 a5
9. Rc1 Be7 10. dxe5 dxe5 11. Na4 Nbd7 12. Nc3 O-O 13. Nd2 Bxe2 14. Qxe2 Nc5 15.
Rcd1 Rfd8 16. f3 Rd7 17. Ndb1 Rad8 18. Rxd7 Rxd7 19. Rd1 Qd8 20. Rxd7 Qxd7 21.
Qd2 Qxd2 22. Nxd2 Nfd7 23. Kf1 Kf8 24. Ke2 Ke8 25. b3 Bd6 26. Nf1 h5 27. Ng3 g6
28. Nf1 Ke7 29. Bd2 Na6 30. Ne3 Nb6 31. Ned1 Nb4 32. Nb2 Nc2 33. Nba4 Nd7 34.
Be3 Bb4 35. Kd2 Na3 36. Kd3 b5 37. cxb5 cxb5 38. Nd5+ Kd6 39. Nac3 Bc5 40. Bc1
Kc6 41. Bg5 Bd4 42. Ne7+ Kc5 43. g4 hxg4 44. fxg4 Kd6 45. Ncd5 Bc5 46. h4 1-0

[Event "V Weekend A"]
[Site "Vignola ITA"]
[Date "2006.11.26"]
[Round "4"]
[White "Prisco, Lorenzo"]
[Black "Paoli, Walter"]
[Result "0-1"]
[WhiteElo "1452"]
[BlackElo "2012"]
[PlyCount "42"]
[EventDate "2006.11.24"]

1. e4 d5 2. exd5 Nf6 3. Nf3 Nxd5 4. Bc4 Bg4 5. Nc3 e6 6. Nxd5 exd5 7. Be2 Bc5
8. d4 Be7 9. h3 Bh5 10. O-O O-O 11. Bd3 Nd7 12. Bxh7+ Kxh7 13. Ng5+ Bxg5 14.
Qxh5+ Bh6 15. Bxh6 gxh6 16. Qf5+ Kg7 17. f4 Nf6 18. Rf3 Ne4 19. Qh5 c6 20. b3
Qf6 21. c4 Qxd4+ 0-1

[Event "V Weekend A"]
[Site "Vignola ITA"]
[Date "2006.11.26"]
[Round "4"]
[White "Ricchi, Luca"]
[Black "Calavalle, Giulio"]
[Result "0-1"]
[WhiteElo "1969"]
[BlackElo "2174"]
[PlyCount "88"]
[EventDate "2006.11.24"]

1. d4 d6 2. c4 e5 3. e3 Nc6 4. Nc3 Bf5 5. d5 Nce7 6. Bd3 Bd7 7. b3 f5 8. Bb2
Nf6 9. Nge2 g6 10. Qd2 Bg7 11. Bc2 O-O 12. f4 exf4 13. exf4 Kh8 14. O-O c6 15.
Rae1 cxd5 16. Nxd5 Nexd5 17. cxd5 Bb5 18. Bd3 Bxd3 19. Qxd3 Qa5 20. Rc1 Rac8
21. a3 Qxd5 22. Qxd5 Nxd5 23. Bxg7+ Kxg7 24. Rxc8 Rxc8 25. Rd1 Nc3 26. Nxc3
Rxc3 27. Rxd6 Rxb3 28. Rd7+ Kh6 29. g3 Rb2 30. a4 a6 31. a5 Kh5 32. h3 h6 33.
Rd5 Rb5 34. Rd7 Rxa5 35. Rxb7 Ra2 36. Ra7 g5 37. fxg5 hxg5 38. Ra8 f4 39. gxf4
gxf4 40. Rf8 Kg5 41. h4+ Kxh4 42. Rxf4+ Kg3 43. Rf8 Ra1+ 44. Rf1 Ra4 0-1

[Event "V Weekend A"]
[Site "Vignola ITA"]
[Date "2006.11.26"]
[Round "4"]
[White "Rigo, Gianfrancesco"]
[Black "Bocceda, Carlo"]
[Result "1-0"]
[WhiteElo "2017"]
[BlackElo "1784"]
[PlyCount "73"]
[EventDate "2006.11.24"]

1. e4 d5 2. exd5 Qxd5 3. Nc3 Qd6 4. d4 Nf6 5. Nf3 Bg4 6. h3 Bh5 7. g4 Bg6 8.
Ne5 c6 9. Bf4 Nd5 10. Nxg6 Nxf4 11. Nxh8 Qe6+ 12. Be2 g6 13. Kf1 Bh6 14. d5
cxd5 15. Bf3 Nc6 16. Nxd5 O-O-O 17. c4 Ne5 18. Be4 f5 19. gxf5 Qd6 20. Qb3 gxf5
21. Bxf5+ e6 22. Bg4 Rxh8 23. Nxf4 Nxg4 24. hxg4 Bxf4 25. Rd1 Qc6 26. Rh3 Rg8
27. Qb5 Qxb5 28. cxb5 Rg7 29. Rhd3 Kc7 30. a4 b6 31. Rc3+ Kb7 32. Rc6 e5 33. f3
Be3 34. Rdd6 Bd4 35. b4 Rf7 36. Rf6 Rxf6 37. Rxf6 1-0

[Event "V Weekend A"]
[Site "Vignola ITA"]
[Date "2006.11.26"]
[Round "4"]
[White "Salvioli, Alessandro"]
[Black "Chiarion, Elisa"]
[Result "1-0"]
[WhiteElo "1533"]
[BlackElo "1712"]
[PlyCount "79"]
[EventDate "2006.11.24"]

1. e4 c5 2. Nf3 d6 3. d4 cxd4 4. Nxd4 Nf6 5. Nc3 g6 6. Be3 Bg7 7. Bc4 Nc6 8. f3
Qb6 9. Nf5 Qxb2 10. Nxg7+ Kf8 11. Nd5 Kxg7 12. O-O Bd7 13. Rb1 Qa3 14. Qd2 Rhd8
15. Rxb7 Na5 16. Bh6+ Kh8 17. Rb4 Rab8 18. Rxb8 Rxb8 19. Bb3 Nxd5 20. Bxd5 Rb2
21. Bxf7 Qc5+ 22. Kh1 Rxc2 23. Qd1 Bb5 24. Qa1+ e5 25. Rg1 Bc4 26. Bxc4 Qxc4
27. Qb1 Qc7 28. Qb5 Nc6 29. Rb1 Rc5 30. Qb7 Qxb7 31. Rxb7 Rc2 32. Rf7 Rc1+ 33.
Bxc1 Kg8 34. Rc7 Nb4 35. Rxa7 d5 36. exd5 Nxd5 37. a4 Nb4 38. a5 h5 39. a6 Nxa6
40. Rxa6 1-0

[Event "V Weekend A"]
[Site "Vignola ITA"]
[Date "2006.11.26"]
[Round "4"]
[White "Vincenzi, Marco"]
[Black "Buriani, Andrea"]
[Result "0-1"]
[WhiteElo "2065"]
[BlackElo "2014"]
[PlyCount "62"]
[EventDate "2006.11.24"]

1. e4 e5 2. Nf3 Nc6 3. Bc4 Bc5 4. c3 Nf6 5. d4 exd4 6. cxd4 Bb4+ 7. Nc3 Nxe4 8.
O-O Bxc3 9. d5 Bf6 10. Re1 Ne7 11. Rxe4 d6 12. Bg5 Bxg5 13. Nxg5 O-O 14. Nxh7
Bf5 15. Rh4 Re8 16. Ng5 Ng6 17. Qh5 Qe7 18. Qh7+ Kf8 19. Rh5 Bg4 20. Bd3 Bxh5
21. Qxh5 Qe5 22. h4 Ke7 23. Rc1 Rac8 24. Bxg6 fxg6 25. Qxg6 Kd7 26. Rd1 Qf6 27.
Qd3 c6 28. Qb3 Kc7 29. Qa3 Kb8 30. dxc6 Rxc6 31. Qb3 Re2 0-1

[Event "V Weekend A"]
[Site "Vignola ITA"]
[Date "2006.11.26"]
[Round "4"]
[White "Zoboli, Andrea"]
[Black "Vezzelli, Francesco"]
[Result "0-1"]
[WhiteElo "1682"]
[BlackElo "1531"]
[PlyCount "122"]
[EventDate "2006.11.24"]

1. e4 e5 2. Nf3 Nc6 3. d4 exd4 4. Nxd4 Bc5 5. Nb3 Bb6 6. Nc3 d6 7. Be2 Qf6 8.
O-O Be6 9. Bb5 a6 10. Ba4 Bc4 11. Nd5 Qd8 12. Re1 Bxb3 13. Bxc6+ bxc6 14. Nxb6
cxb6 15. cxb3 Ne7 16. Qg4 Ng6 17. f4 O-O 18. Be3 b5 19. Rac1 Qc8 20. Qe2 Re8
21. Qd3 Qc7 22. Red1 Rad8 23. b4 h6 24. g3 Nf8 25. Rc2 c5 26. Qd5 c4 27. Rcd2
Ng6 28. Bd4 Ne7 29. Qh5 Ng6 30. Qf3 Qe7 31. Re2 Kh7 32. Rde1 Qb7 33. Kg2 Re7
34. f5 Ne5 35. Bxe5 dxe5 36. f6 Re6 37. fxg7 Kxg7 38. Rf1 Rd4 39. Qg4+ Rg6 40.
Qf5 f6 41. h4 Qd7 42. Qxd7+ Rxd7 43. Ref2 Rd3 44. Rf3 Rxf3 45. Kxf3 Kf7 46. Rd1
Ke7 47. g4 Rg8 48. a3 Rd8 49. Rd5 Rh8 50. h5 Rc8 51. Rd1 c3 52. b3 c2 53. Rc1
Rc3+ 54. Ke2 Kd7 55. Kd2 Rxb3 56. Rxc2 Rxa3 57. Rc3 Ra4 58. Rb3 Ra2+ 59. Ke3
Rc2 60. Ra3 Rc6 61. Kd2 Kc7 0-1

[Event "V Weekend A"]
[Site "Vignola ITA"]
[Date "2006.11.26"]
[Round "5"]
[White "Arnetta, Marianna"]
[Black "Barbieri, Giovanni"]
[Result "1/2-1/2"]
[WhiteElo "2054"]
[BlackElo "2067"]
[PlyCount "59"]
[EventDate "2006.11.24"]

1. e4 c5 2. Nc3 Nc6 3. Bc4 g6 4. f4 Bg7 5. Nf3 e6 6. d3 Nge7 7. O-O O-O 8. Qe1
Nd4 9. Bb3 Nec6 10. Kh1 b6 11. Ne2 Bb7 12. Nexd4 Nxd4 13. Nxd4 Bxd4 14. f5 exf5
15. c3 Bg7 16. exf5 d5 17. Qg3 Re8 18. fxg6 hxg6 19. Bg5 Qd7 20. Bf6 Re2 21.
Bxg7 Kxg7 22. Rae1 Rae8 23. d4 Qe7 24. Rxe2 Qxe2 25. Qf4 f5 26. h3 Ba6 27. Rf2
Qe1+ 28. Kh2 Re4 29. Qd2 cxd4 30. cxd4 1/2-1/2

[Event "V Weekend A"]
[Site "Vignola ITA"]
[Date "2006.11.26"]
[Round "5"]
[White "Bocceda, Carlo"]
[Black "Ferretti, Alessandro"]
[Result "0-1"]
[WhiteElo "1784"]
[BlackElo "1733"]
[PlyCount "84"]
[EventDate "2006.11.24"]

1. e4 c5 2. Nf3 Nc6 3. Nc3 Nf6 4. h3 d6 5. d4 cxd4 6. Nxd4 g6 7. Be3 Bg7 8. Qd2
Bd7 9. Be2 a6 10. g4 h5 11. g5 Nh7 12. h4 Qa5 13. a3 Nf8 14. Bc4 Ne5 15. Be2
Ne6 16. b4 Qd8 17. Nxe6 Bxe6 18. Bd4 O-O 19. f4 Nc6 20. Bxg7 Kxg7 21. O-O-O Rc8
22. Nd5 Bxd5 23. Qxd5 Qc7 24. Rd2 Nb8 25. f5 Qc3 26. Qd4+ Qxd4 27. Rxd4 Nc6 28.
f6+ exf6 29. gxf6+ Kxf6 30. Rxd6+ Kg7 31. Rd7 b5 32. Rd6 Rc7 33. Rg1 Kh7 34.
Rg5 Rd8 35. Rgd5 Rxd6 36. Rxd6 Nb8 37. e5 Re7 38. Rd5 Nd7 39. c4 bxc4 40. Bxc4
Nb6 41. Rd4 Rc7 42. Kd1 Nxc4 0-1

[Event "V Weekend A"]
[Site "Vignola ITA"]
[Date "2006.11.26"]
[Round "5"]
[White "Calavalle, Giulio"]
[Black "Luciani, Valerio"]
[Result "0-1"]
[WhiteElo "2174"]
[BlackElo "2229"]
[PlyCount "94"]
[EventDate "2006.11.24"]

1. e4 c5 2. Nc3 Nc6 3. Bc4 g6 4. d3 Bg7 5. Nge2 a6 6. O-O e6 7. Be3 Nd4 8. Bxd4
cxd4 9. Nb1 Ne7 10. c3 Nc6 11. Nd2 b5 12. Bb3 Bb7 13. f4 dxc3 14. bxc3 b4 15.
e5 d6 16. d4 bxc3 17. Nc4 dxe5 18. dxe5 O-O 19. Qxd8 Rfxd8 20. Nd6 Na5 21. Nxb7
Nxb7 22. Nxc3 Nc5 23. Rfd1 g5 24. g3 gxf4 25. gxf4 Bh6 26. f5 Be3+ 27. Kg2 Bd4
28. Rac1 Nxb3 29. axb3 exf5 30. Rf1 Rac8 31. Na4 Rxc1 32. Rxc1 Bxe5 33. Rc5
Rd2+ 34. Kf3 f6 35. Ra5 Rd3+ 36. Kg2 Rxb3 37. Rxa6 Kg7 38. Nc5 Rb2+ 39. Kf3
Rxh2 40. Ra7+ Kg6 41. Nd7 Rh3+ 42. Kg2 Rg3+ 43. Kf2 f4 44. Nf8+ Kf5 45. Rxh7
Bd4+ 46. Kf1 f3 47. Rh5+ Kg4 0-1

[Event "V Weekend A"]
[Site "Vignola ITA"]
[Date "2006.11.26"]
[Round "5"]
[White "Cambi, Enrico"]
[Black "Di Trapani, Davide"]
[Result "0-1"]
[WhiteElo "1473"]
[BlackElo "1580"]
[PlyCount "66"]
[EventDate "2006.11.24"]

1. e4 e5 2. Nc3 Nc6 3. Bc4 Bc5 4. d3 d6 5. f4 exf4 6. Nf3 Bg4 7. Bxf4 Qf6 8.
Nd5 Qd8 9. c3 h6 10. b4 Bb6 11. Nxb6 axb6 12. Qb3 Qf6 13. Bg3 Bxf3 14. Rf1 Ne5
15. Bxe5 dxe5 16. Rxf3 Qh4+ 17. g3 Qxh2 18. Bxf7+ Kd8 19. Qd5+ Kc8 20. Be6+ Kb8
21. Bxg8 Ka7 22. Qxe5 Qg1+ 23. Rf1 Qe3+ 24. Kd1 Qxd3+ 25. Ke1 Rhxg8 26. Kf2
Rad8 27. Qxc7 Rgf8+ 28. Kg2 Qxe4+ 29. Kg1 Qe3+ 30. Kh1 Qe2 31. Rxf8 Rxf8 32. a4
Rf2 33. g4 Qe4+ 0-1

[Event "V Weekend A"]
[Site "Vignola ITA"]
[Date "2006.11.26"]
[Round "5"]
[White "Cavazzoni, Carlo Alberto"]
[Black "Fiorentini, Paolo"]
[Result "0-1"]
[WhiteElo "1798"]
[BlackElo "1578"]
[PlyCount "120"]
[EventDate "2006.11.24"]

1. Nf3 Nf6 2. c4 g6 3. g3 Bg7 4. Bg2 O-O 5. O-O c5 6. Nc3 d5 7. cxd5 Nxd5 8.
Nxd5 Qxd5 9. d3 Nc6 10. Qc2 Nb4 11. Qb1 Rb8 12. Bd2 Bg4 13. h3 Bd7 14. Bc3 Bc6
15. Bxg7 Kxg7 16. b3 e5 17. Qb2 Rfe8 18. Rfc1 Qd6 19. Qc3 Na6 20. Rab1 Kg8 21.
Rb2 b6 22. a3 Rbc8 23. Ng5 Bxg2 24. Kxg2 Nc7 25. Qc4 Qd5+ 26. Ne4 Qc6 27. Kg1
Kg7 28. b4 f5 29. Ng5 Qf6 30. h4 h6 31. Nh3 Ne6 32. Qa6 Rc7 33. Rbc2 Rec8 34.
e3 Rd8 35. Kf1 Rd6 36. Ng1 Qd8 37. Ke2 Rcd7 38. Rd1 e4 39. Rcd2 Nc7 40. Qc4 b5
41. Qc3+ Kh7 42. bxc5 Nd5 43. Qc2 Rc6 44. d4 Qa5 45. Ra1 b4 46. Qb2 Qb5+ 47.
Ke1 a5 48. Ne2 Rb7 49. a4 Qc4 50. Qc2 Qa6 51. Qb3 Ne7 52. Nf4 Ng8 53. Nd5 Ne7
54. Nb6 Kg7 55. Rb1 h5 56. Rdb2 Ng8 57. Qd5 Rcc7 58. Qe5+ Nf6 59. Qf4 Qa7 60.
f3 60... Re7 $138 0-1

[Event "V Weekend A"]
[Site "Vignola ITA"]
[Date "2006.11.26"]
[Round "5"]
[White "Chiarion, Elisa"]
[Black "Muccini, Andrea"]
[Result "1-0"]
[WhiteElo "1712"]
[BlackElo "1599"]
[PlyCount "119"]
[EventDate "2006.11.24"]

1. e4 d6 2. d4 Nd7 3. f4 g6 4. Nf3 Bg7 5. Nc3 b6 6. Bc4 Bb7 7. O-O e5 8. Kh1 c6
9. Ng5 Nh6 10. fxe5 O-O 11. e6 d5 12. exf7+ Nxf7 13. Ne6 Qe7 14. Nxf8 dxc4 15.
Nxd7 Qxd7 16. Be3 Re8 17. Bg1 Ng5 18. Qe2 b5 19. Rad1 Ba8 20. a4 Qb7 21. Qg4
Ne6 22. Qg3 bxa4 23. Nxa4 Qb4 24. Qa3 Qxa3 25. bxa3 Rd8 26. Nc5 Ng5 27. Be3
Nxe4 28. Nxe4 Re8 29. Rf3 Rxe4 30. Rb1 Re8 31. Bf4 Bb7 32. Re3 Rf8 33. Rxb7
Rxf4 34. Rf3 Rxf3 35. gxf3 Bxd4 36. Rc7 c5 37. Rxa7 h5 38. a4 Kf8 39. a5 c3 40.
a6 c4 41. Ra8+ Ke7 42. a7 Bxa7 43. Rxa7+ Kf6 44. Kg2 Ke5 45. Kg3 Kd4 46. Kf4
g5+ 47. Kg3 Ke3 48. Rd7 Ke2 49. f4 gxf4+ 50. Kxf4 h4 51. Kg4 h3 52. Kxh3 Kf3
53. Re7 Kf4 54. Kh4 Kf5 55. Kh5 Kf6 56. Re1 Kf5 57. h4 Kf6 58. Kh6 Kf7 59. h5
Kf6 60. Kh7 1-0

[Event "V Weekend A"]
[Site "Vignola ITA"]
[Date "2006.11.26"]
[Round "5"]
[White "Fragni, Enrico"]
[Black "Gigli, Claudio"]
[Result "1/2-1/2"]
[WhiteElo "1843"]
[BlackElo "1674"]
[PlyCount "84"]
[EventDate "2006.11.24"]

1. c4 e6 2. Nf3 Nf6 3. a3 d5 4. e3 Be7 5. Nc3 O-O 6. Qc2 Nbd7 7. d4 Re8 8. Bd3
Nf8 9. Bd2 b6 10. cxd5 exd5 11. h3 Bb7 12. g4 Ne4 13. Nxe4 dxe4 14. Bxe4 Bxe4
15. Qxe4 Bxa3 16. Qd3 Bd6 17. O-O c5 18. Kg2 Bc7 19. Qc2 cxd4 20. Nxd4 Rc8 21.
Bc3 Qd5+ 22. Kg1 Ng6 23. Qb3 Qd6 24. f4 Ra8 25. Nb5 Qc6 26. Nxc7 Nh4 27. Qd5
Qxc7 28. Rf2 Rad8 29. Qg5 Ng6 30. Bd4 f6 31. Qb5 Ne7 32. Qb3+ Kh8 33. Rc2 Qb7
34. Kf2 Nc6 35. Qc4 Nxd4 36. exd4 Qe4 37. Re2 Qxf4+ 38. Kg2 Rxe2+ 39. Qxe2 Qxd4
40. Rxa7 Qd2 41. Re7 Qxe2+ 42. Rxe2 Kg8 1/2-1/2

[Event "V Weekend A"]
[Site "Vignola ITA"]
[Date "2006.11.26"]
[Round "5"]
[White "Gandini, Gaudio"]
[Black "Prisco, Lorenzo"]
[Result "1-0"]
[WhiteElo "1879"]
[BlackElo "1452"]
[PlyCount "65"]
[EventDate "2006.11.24"]

1. Nf3 d5 2. g3 Nf6 3. Bg2 Nc6 4. O-O e5 5. d3 Be7 6. Nbd2 e4 7. dxe4 dxe4 8.
Ng5 e3 9. fxe3 Ne5 10. Ndf3 Qxd1 11. Rxd1 Nc6 12. Nh3 Nb4 13. Nd4 c5 14. Nb5
O-O 15. c3 Nc2 16. Rb1 Ng4 17. Nc7 Be6 18. Nxe6 fxe6 19. Nf4 Ncxe3 20. Bxe3
Nxe3 21. Rd7 Nxg2 22. Nxe6 Rf7 23. Kxg2 b6 24. Rbd1 Bf6 25. Nf4 Raf8 26. Rxf7
Rxf7 27. Nh5 Bg5 28. h4 Bf6 29. Nxf6+ gxf6 30. Kf3 Kg7 31. e4 h5 32. Rd5 Kg6
33. Kf4 1-0

[Event "V Weekend A"]
[Site "Vignola ITA"]
[Date "2006.11.26"]
[Round "5"]
[White "Grandi, Davide"]
[Black "Salvioli, Alessandro"]
[Result "1-0"]
[WhiteElo "1691"]
[BlackElo "1533"]
[PlyCount "51"]
[EventDate "2006.11.24"]

1. c4 Nf6 2. d4 c6 3. Nc3 e6 4. Bg5 d5 5. e3 h6 6. Bh4 Nbd7 7. Nf3 Qa5 8. Nd2
Bb4 9. Qc2 Bxc3 10. bxc3 Ne4 11. Nxe4 dxe4 12. Be2 O-O 13. O-O f5 14. f4 Nf6
15. Kh1 Bd7 16. Rg1 c5 17. h3 Ba4 18. Qb2 Qc7 19. g4 cxd4 20. cxd4 fxg4 21.
Bxg4 Nxg4 22. Rxg4 b6 23. Rag1 Rf7 24. Qg2 Kh8 25. Rg6 Rg8 26. Rxh6+ 1-0

[Event "V Weekend A"]
[Site "Vignola ITA"]
[Date "2006.11.26"]
[Round "5"]
[White "Malfagia, Andrea"]
[Black "Buriani, Andrea"]
[Result "0-1"]
[WhiteElo "2277"]
[BlackElo "2014"]
[PlyCount "126"]
[EventDate "2006.11.24"]

1. d4 d5 2. c4 dxc4 3. Nf3 c5 4. e4 cxd4 5. Qxd4 Qxd4 6. Nxd4 Bd7 7. Bxc4 Nc6
8. Be3 e5 9. Nxc6 Bxc6 10. f3 Nf6 11. Ke2 Be7 12. Nc3 O-O 13. Rhd1 Rfc8 14.
Rac1 Kf8 15. Nb5 Bxb5 16. Bxb5 Rxc1 17. Rxc1 a6 18. Ba4 Bd6 19. a3 Ke7 20. b4
Ne8 21. Bb6 f6 22. h4 Rb8 23. g3 Ra8 24. Ke3 Ke6 25. f4 Ke7 26. f5 Rb8 27. g4
h6 28. Bb3 Ra8 29. Bd5 Rb8 30. Rc4 Kd7 31. g5 hxg5 32. hxg5 fxg5 33. Rc1 Ke7
34. Be6 Nf6 35. Rg1 g4 36. Rh1 Ra8 37. Kd3 Rb8 38. Bb3 Rc8 39. Be3 a5 40. bxa5
Bxa3 41. Be6 Rd8+ 42. Kc4 Nxe4 43. Kb5 Rd3 44. Bb6 Bb2 45. Rh8 g3 46. Rg8 Nd6+
47. Ka4 Ne8 48. Bc5+ Rd6 49. Rxe8+ Kxe8 50. Bxd6 g2 51. Bc5 Bd4 52. Bxd4 exd4
53. Bd5 g1=Q 54. Bxb7 Qa1+ 55. Kb5 Qb2+ 56. Kc6 Qc3+ 57. Kb6 Qb4+ 58. Ka6 Qd6+
59. Kb5 Qe5+ 60. Kb6 Qxf5 61. a6 Qe6+ 62. Bc6+ Kd8 63. a7 63... Qb3+ $138 0-1

[Event "V Weekend A"]
[Site "Vignola ITA"]
[Date "2006.11.26"]
[Round "5"]
[White "Muccini, Marco"]
[Black "Rigo, Gianfrancesco"]
[Result "0-1"]
[WhiteElo "1849"]
[BlackElo "2017"]
[PlyCount "74"]
[EventDate "2006.11.24"]

1. d4 e5 2. dxe5 Nc6 3. Nf3 Qe7 4. Nc3 Nxe5 5. Nxe5 Qxe5 6. g3 Bb4 7. Bd2 Nf6
8. Bg2 c6 9. O-O d5 10. a3 Bc5 11. Bf4 Qh5 12. Na4 Be7 13. e3 Qf5 14. Qd3 O-O
15. Qxf5 Bxf5 16. Rac1 Ne4 17. g4 Be6 18. Rfd1 g5 19. Be5 f6 20. Bd4 c5 21.
Bxe4 cxd4 22. Bf5 Bxf5 23. gxf5 b5 24. Rxd4 bxa4 25. Rxd5 Rab8 26. Rd7 Bc5 27.
b4 axb3 28. cxb3 Bb6 29. Rc6 Rbc8 30. Re6 Rf7 31. Rd3 Rc5 32. e4 Rc2 33. Rf3 g4
34. Rf4 h5 35. a4 Bc7 36. Re8+ Kh7 37. Rc8 Rc1+ 0-1

[Event "V Weekend A"]
[Site "Vignola ITA"]
[Date "2006.11.26"]
[Round "5"]
[White "Muccini, Maurizio"]
[Black "Zoboli, Andrea"]
[Result "1-0"]
[WhiteElo "1454"]
[BlackElo "1682"]
[PlyCount "93"]
[EventDate "2006.11.24"]

1. e4 c5 2. Nf3 d6 3. d4 cxd4 4. Qxd4 Nc6 5. Qa4 Bd7 6. Bb5 g6 7. O-O Bg7 8. c3
a6 9. Bd3 Nf6 10. Bg5 Ne5 11. Qd1 Bg4 12. Bxf6 Bxf6 13. Be2 Nc6 14. h3 Bd7 15.
Nbd2 O-O 16. Nb3 b5 17. Nbd4 Qb6 18. Qd3 Rfb8 19. a3 a5 20. Nxb5 Nb4 21. axb4
Bxb5 22. Qxb5 Qxb5 23. Bxb5 Rxb5 24. Rfb1 a4 25. Ra3 Rbb8 26. Rba1 Rc8 27. Rxa4
Rab8 28. R1a3 Kg7 29. g4 h6 30. h4 g5 31. h5 Kg8 32. Rb3 Rc7 33. b5 Rcb7 34. c4
Rb6 35. Kf1 Kf8 36. Ke2 Ke8 37. Kd3 Kd7 38. Nd4 Bxd4 39. Kxd4 Ke6 40. f3 f6 41.
Rba3 Kd7 42. Ra7+ R8b7 43. Rxb7+ Rxb7 44. Ra6 e6 45. b3 Ke7 46. b6 Kd7 47. Ra7
1-0